[Event "Antwerp League-ch op"]
[Site "Brasschaat"]
[Date "1988.01.31"]
[Round "6"]
[White "Weyn, Patrick"]
[Black "Van Hove, Lauris"]
[Result "0-1"]
[WhiteElo "1752"]
[BlackElo "1349"]
[PlyCount "32"]
[EventDate "1987.10.25"]
[EventType "swiss"]
[EventRounds "9"]
[EventCountry "BEL"]
[SourceTitle "EXT 2021"]
[Source "ChessBase"]
[SourceDate "2020.10.23"]
[SourceVersion "1"]
[SourceVersionDate "2020.10.23"]
[SourceQuality "1"]

1. d4 d5 2. c4 Nf6 3. Nc3 e6 4. cxd5 exd5 5. Bg5 Be7 6. e3 0-0 7. Qc2 Nc6 8. a3 Ne4 9. Bxe7 Nxd4 10. exd4 Qxe7 11. Nxd5 Qd6 12. Qxe4 f5 13. Ne7+ Kh8 14. Nxc8 Raxc8 15. Qc2 Qxd4 16. Nf3 Rfe8+ 0-1